000 00675nam a2200217 i 4500
001 bg
003 BPK
005 20211029125547.0
008 001010s1997 uk f |001 0 eng d
020 _a0712666338
040 _cBPK
080 _a94(4)
100 1 _aDavies, Norman
_d(1939- )
_eAutor
245 1 0 _aEurope :
_ba history /
_cNorman Davies.
260 _aLondon :
_bPimlico,
_c1997.
300 _aXIX, 1365, [32] s. il. :
_bfaks., mapy, nuty, pl., rys. wykr. ;
_c24 cm.
504 _aIndeksy.
651 4 _aEuropa
_xhistoria.
856 _uhttp://koha.tu.koszalin.pl/cgi-bin/koha/opac-detail.pl?biblionumber=36451
_yKatalog online BPK
942 _cKS
_2UKD
999 _c36451
_d36451